Everybody Lies: Big Data, New Data and What the Internet Can Tell Us About Who We Really Are. (Record no. 255)

MARC details
005 - DATE AND TIME OF LATEST TRANSACTION
control field 20250619133427.0
020 ## - INTERNATIONAL STANDARD BOOK NUMBER
International Standard Book Number 978-0-06-249749-9
082 ## - DEWEY DECIMAL CLASSIFICATION NUMBER
Classification number 302.23 DAV
100 ## - MAIN ENTRY--PERSONAL NAME
Author name DAVIDOWITZ, S. S.
245 ## - TITLE STATEMENT
Title Everybody Lies: Big Data, New Data and What the Internet Can Tell Us About Who We Really Are.
260 ## - PUBLICATION, DISTRIBUTION, ETC.
Place of publication, distribution, etc. New York,
Name of publisher, distributor, etc. HarperCollins,
Date of publication, distribution, etc. 2017.
300 ## - PHYSICAL DESCRIPTION
Extent xii, 413p.: ill.; table
Dimensions 23cm.
942 ## - ADDED ENTRY ELEMENTS (KOHA)
Source of classification or shelving scheme Dewey Decimal Classification
Koha item type Books
Holdings
Date last seen Total checkouts Full call number Barcode Cost, replacement price Price effective from Koha item type Lost status Source of classification or shelving scheme Damaged status Not for loan Withdrawn status Home library Current library Shelving location Date acquired Cost, normal purchase price
03/10/2025   302.23 DAV 000000953 75000.00 03/10/2025 Books   Dewey Decimal Classification       College of Business Education Main Library College of Business Education Main Library General Collection 03/10/2025 25000.00